Statistics for Greatest Pistons NBA Players

Click here to take the quiz!

General Stats

  • This quiz has been taken 27 times
  • The average score is 12 of 16

Answer Stats

Answer% Correct
Dennis Rodman
96%
Isiah Thomas
96%
Ben Wallace
92%
Blake Griffin
92%
Grant Hill
92%
Bill Laimbeer
88%
Joe Dumars
88%
Chauncey Billups
84%
Rip Hamilton
80%
Andre Drummond
76%
Rasheed Wallace
76%
Tayshaun Prince
68%
Bob Lanier
56%
Dave Bing
48%
Vinnie Johnson
32%
George Yardley
16%

Score Distribution

Percentile by Number Answered

Percent of People with Each Score

Your Score History

You have not taken this quiz